000 00314nam a22001337a 4500
008 181207b xxu||||| |||| 00| 0 eng d
020 _a0070262667
041 _aeng
080 _29th
_a615
100 _a5
101 _aFAR
245 _aThe Pharmacological Basis of Therapeutics
_cHardman,J.G
942 _2udc
_cBK
999 _c53019
_d53019